Guía para IE-302 Laboratorio eléctrico I

Gespeichert in:
Bibliographische Detailangaben
1. Verfasser: Lorenzo Barboza, Roger
Format: Buch
Veröffentlicht: [San José , Costa Rica] 1973
Tags: Tag hinzufügen
Keine Tags, Fügen Sie den ersten Tag hinzu!

MARC

LEADER 00000nam a2200000Ia 4500
003 PIE075
005 20221231143851.0
008 140116s1973 c a m 000 ||s d
040 |c cru CEDI 
090 |a PIE 75 
100 |a Lorenzo Barboza, Roger  |9 18257 
245 |a Guía para IE-302 Laboratorio eléctrico I 
260 |c 1973  |a [San José , Costa Rica] 
300 |a 57 hojas ; ilustraciones  
500 |a A la Cabeza de la portada. Universidad de Costa Rica.Escuela de Ingeniería.Departamento de Ingeniería Mecánica y Eléctrica 
942 |c PIE 
999 |c 13448  |d 13448